Logo BPK

Biblioteka

Politechniki Koszalińskiej

Działalność generała Tatara (1943-1949). (Rekord nr 37094)

Szczegóły MARC
000 -ETYKIETA REKORDU
podpole kontrolne o stałej długości 00721nam a2200229 i 4500
001 - NUMER KONTROLNY REKORDU
pole kontrolne bg
020 ## - MIĘDZYNARODOWY ZNORMALIZOWANY NUMER KSIĄŻKI - ISBN
ISBN 0850652898
040 ## - ŹRÓDŁO KATALOGOWANIA
Instytucja, która utworzyła rekord BPK
041 0# - KOD JĘZYKA
Kod języka tekstu pl
080 ## - UNIWERSALNA KLASYFIKACJA DZIESIĘTNA - UKD
UKD 94(438).082/.083:930.1(091):355.33/.34:929-052A/Z
920 ## - Międzynarodowy znormalizowany numer książki – ISBN
ISBN 0-85065-289-8
008 - POLE O STAŁEJ DŁUGOŚCI - DANE KONTROLNE
podpole kontrolne o stałej długości s pl f |000 0 pol
100 1# - NAZWA OSOBOWA
Nazwa osobowa SIEMASZKO, Zbigniew Sebastian
Daty związane z nazwą (1923- )
245 10 - TYTUŁ/ODPOWIEDZIALNOŚĆ
Tytuł Działalność generała Tatara (1943-1949).
260 ## - STREFA ADRESU WYDAWNICZEGO
Miejsce wydania Londyn :
Nazwa wydawcy/dystrybutora Polska Fundacja Kulturalna,
Data publikacji, dystrybucji/powstania dokumentu 1999.
300 ## - STREFA OPISU FIZYCZNEGO
Objętość 335 s. :
Inne cechy fizyczne fot., portr. +
Dokument towarzyszący 22 cm.
504 ## - UWAGA DOTYCZĄCA BIBLIOGRAFII
Informacje o bibliografii Bibliogr. s. 310-319. - Indeks nazwisk.
600 19 - HASŁO PRZEDMIOTOWE W FORMIE NAZWY OSOBOWEJ
Nazwa osobowa Tatar, Stanisław (1896-1980)
650 #9 - HASŁO PRZEDMIOTOWE W FORMIE NAZWY OGÓLNEJ LUB JEDNOSTKOWEJ
Nazwa ogólna lub geograficzna Wojsko
Określnik ogólny historia
Określnik geograficzny Polska
Określnik chronologiczny 20 w.
651 #9 - HASŁO PRZEDMIOTOWE W FORMIE NAZWY GEOGRAFICZNEJ
Nazwa geograficzna Polska
Określnik ogólny polityka
Określnik chronologiczny 20 w.
856 ## - LOKALIZACJA I DOSTĘP DO ELEKTRONICZNYCH DOKUMENTÓW ZDALNYCH
Link (URL) http://koha.tu.koszalin.pl/cgi-bin/koha/opac-detail.pl?biblionumber=37094
Tekst linku Katalog online BPK
942 ## - DODATKOWE ELEMENTY (KOHA)
Typ dokumentu Książka
Egzemplarze
Wycofany Status egzemplarza Uszkodzony Dostępność Lokalizacja stała Lokalizacja bieżąca Miejsce przechowywania Sygnatura Kod kreskowy Status: wypożyczony Typ dokumentu
      Dostępny Biblioteka Politechniki Koszalińskiej Biblioteka Politechniki Koszalińskiej Wypożyczalnia BG 52740 01484083 13.05.2027 Książka
© 2023 Biblioteka Politechniki Koszalińskiej :: KOHA